|
|
|
|
| LEADER |
00916nam a2200205 a 4500 |
| 001 |
000591625 |
| 003 |
CZ BrMZK |
| 005 |
20020322115658.0 |
| 008 |
020322s1929 xr f cze d |
| 040 |
|
|
|a BOA001
|b cze
|c BOA001
|
| 100 |
1 |
|
|a Mauer, Jan,
|d 1878-1937
|7 jk01080906
|4 aut
|
| 245 |
1 |
0 |
|a Průvodce Pedagogickou knihovnou Komenského.
|n Díl 2.,
|p K základnímu studiu vychovatelství, vyučovatelství a organisace školství /
|c J. Mauer
|
| 246 |
3 |
0 |
|a K základnímu studiu vychovatelství, vyučovatelství a organisace školství
|
| 260 |
|
|
|a V Praze :
|b J. Mauer,
|c 1929
|
| 300 |
|
|
|a 22 s.
|
| 910 |
|
|
|a BOA001
|b PK-III-0005.970,2
|
| 964 |
|
|
|a Pedagogická knihovna Komenskho - průvodci
|
| 990 |
|
|
|a BK
|
| 996 |
6 |
|
|b BC-19532
|c PK-III-0005.970,2
|l MZK
|r Sklad / do 1 hodiny
|n 0
|w 000591627
|u 000010
|a 1
|e BOA001
|j MZK50
|s P
|
| 996 |
6 |
|
|b BC-39081
|c PK-III-0005.970,2
|l MZK
|r Sklad / do 1 hodiny
|n 0
|w 000591627
|u 000020
|a 1
|e BOA001
|j MZK50
|s P
|